|
|
|
|
| LEADER |
01028cam a2200265 7i4500 |
| 001 |
0000034996 |
| 005 |
20180405090000.0 |
| 007 |
##ta |
| 008 |
180405s2017 fr o 000 0 eng d |
| 020 |
# |
# |
|a 9789264275485
|
| 040 |
# |
# |
|a MATR
|
| 090 |
0 |
0 |
|a I 338.109177
|b OEC
|
| 245 |
0 |
0 |
|a OECD-FAO Agricultural Outlook 2017-2026 :
|b SPecial Focus : SOUTHEAST ASIA.
|
| 264 |
# |
1 |
|a Paris:
|b OECD Publishing,
|c 2017.
|
| 300 |
# |
# |
|a 137 pages:
|b illustrations;
|c 28 cm.
|
| 336 |
# |
# |
|a text
|2 rdacontent
|
| 337 |
# |
# |
|a unmediated
|2 rdamedia
|
| 338 |
# |
# |
|a volume
|2 rdacarrier
|
| 504 |
# |
# |
|a Includes bibliographical references
|
| 650 |
# |
0 |
|a Agriculture --
|x Economic aspects --
|x Forecasting --
|z OECD countries
|
| 650 |
# |
0 |
|a Agriculture --
|x Economic aspects --
|x Forecasting. --
|z Southeast Asia
|
| 650 |
# |
0 |
|a Agriculture and state --
|z OECD countries
|
| 650 |
# |
0 |
|a Agriculture and state --
|z Southeast Asia
|
| 710 |
2 |
# |
|a Food and Agriculture Organization of the United Nations
|
| 999 |
|
|
|a 0000039695
|b Book
|c Language
|e Business Information Centre
|